000
00258nam a22001097a 4500
008
170125b xxu||||| |||| 00| 0 eng d
020
_a
043144040006
041
_a
eng
080
_a
61
245
_a
MAYO CLINIC FAMILY HEALTH BOOK
_c
WALLER, R.R
942
_2
udc
_c
BK
999
_c
3696
_d
3696